书目信息 |
| 题名: |
红楼梦子弟书
|
|
| 作者: | 胡文彬 编 | |
| 分册: | ||
| 出版信息: | 沈阳 春风文艺出版社 1983.12 |
|
| 页数: | 296页 | |
| 开本: | 20cm | |
| 丛书名: | ||
| 单 册: | ||
| 中图分类: | I239.6 | |
| 科图分类: | ||
| 主题词: | 戏剧文学--剧本--中国 | |
| 电子资源: | ||
| ISBN: | ||
| 000 | 00536nam0 2200193 45 | |
| 001 | 0312221749 | |
| 005 | 20031222170807.0 | |
| 010 | @dCNY1.05 | |
| 100 | @a20031222d1983 km y0chiy0120 ea | |
| 101 | @achi | |
| 105 | @a z 000yy | |
| 200 | 1 | @a红楼梦子弟书@AHong Lou Meng Zi Di Shu@f胡文彬编@FHu Wen Bin Bian |
| 210 | @a沈阳@c春风文艺出版社@d1983.12 | |
| 215 | @a296页@d20cm | |
| 606 | 0 | @a戏剧文学@x剧本@x中国 |
| 690 | @aI239.6@v3 | |
| 701 | 0 | @a胡文彬@4编 |
| 801 | @aCN@bTSTCL@c20031222 | |
| 905 | @a213230@dI239.6@e59@b161726-728@f3 | |
| 红楼梦子弟书/胡文彬编.-沈阳:春风文艺出版社,1983.12 |
| 296页;20cm |
| ISBN :CNY1.05 |
| ● |
| 相关链接 |
|
|
|
|
正题名:红楼梦子弟书
索取号:I239.6/59
 
预约/预借
| 序号 | 登录号 | 条形码 | 馆藏地/架位号 | 状态 | 备注 |
| 1 | 0161726 | 000964022 | 第二借阅区/ [索取号:I239.6/59] | 在馆 | |
| 2 | 0161727 | 000964031 | 第二借阅区/ [索取号:I239.6/59] | 在馆 | |
| 3 | 0161728 | 000964040 | 第一样本阅览室/ [索取号:I239.6/59] | 在馆 |